Statistics for Musical Acts with geographic locations in their name

Click here to take the quiz!

General Stats

  • This quiz has been taken 32 times
  • The average score is 10 of 21

Answer Stats

HintAnswer% Correct
Tea party locationBoston
88%
The largest continentAsia
81%
Poland's capitalWarsaw
81%
Jesus did good work in this townNazareth
73%
Once was EdoTokyo
73%
The old continentEurope
69%
Canada's largest cityToronto
69%
Southern US stateAlabama
62%
River at the border to the underworldStyx
62%
Mile High guyJohn Denver
58%
Firearms from the City of AngelsL.A. Guns
46%
Simians at terrestial poleArctic Monkeys
42%
The emerald cityChicago
38%
Big Apple toysNew York Dolls
38%
US Airbase in GermanyRammstein
31%
Bovine hometown of Homer SimpsonBuffalo Springfield
27%
Space Center city womanWhitney Houston
19%
Cattle herders from old St. PetersburgLeningrad Cowboys
8%
"Abraham Lincoln" conservation spaceLinkin Park
4%
L.A. Street or region in Southwestern CanadaCypress Hill
0%
Changing trains at Grand Central StationManhattan Transfer
0%

Score Distribution

Percentile by Number Answered

Percent of People with Each Score

Your Score History

You have not taken this quiz